Latin for Americans. (Record no. 12059)
[ view plain ]
| 000 -LEADER | |
|---|---|
| fixed length control field | 00486cam a2200181 a 4500 |
| 020 ## - INTERNATIONAL STANDARD BOOK NUMBER | |
| ISBN | 0026409143 (student text) |
| 040 ## - CATALOGING SOURCE | |
| Transcribing agency | DLC |
| 082 00 - DEWEY DECIMAL CLASSIFICATION NUMBER | |
| Classification number | 478 GLE 1997 A022 Or. |
| 100 1# - MAIN ENTRY--AUTHOR NAME | |
| Personal name | Ullman, B. L. |
| 245 10 - TITLE STATEMENT | |
| Title | Latin for Americans. |
| 260 ## - PUBLICATION, DISTRIBUTION, ETC. (IMPRINT) | |
| Place of publication | New York : |
| Name of publisher | Glencoe/McGraw-Hill, |
| Year of publication | c1997. |
| 300 ## - PHYSICAL DESCRIPTION | |
| Number of Pages | xi, 396 p. : |
| Other physical details | ill. (chiefly col.) ; |
| Dimensions | 27 cm. |
| 500 ## - GENERAL NOTE | |
| General note | Includes index. |
| 650 #0 - SUBJECT ADDED ENTRY--TOPICAL TERM | |
| Topical Term | Latin language |
| 650 #0 - SUBJECT ADDED ENTRY--TOPICAL TERM | |
| Topical Term | Latin language |
| 700 1# - ADDED ENTRY--PERSONAL NAME | |
| Personal name | Suskin, Albert I. |
| 942 ## - ADDED ENTRY ELEMENTS (KOHA) | |
| Koha item type | សៀវភៅភាសាអង់គ្លេស |
| 952 ## - LOCATION AND ITEM INFORMATION (KOHA) | |
| Withdrawn status [LOCAL, KOHA] | 0 |
| Permanent Location | Date acquired | Koha item type | Lost status | Shelving location | Barcode | Current Location | Full call number |
|---|---|---|---|---|---|---|---|
| Library Block A | 2017-08-09 | សៀវភៅភាសាអង់គ្លេស | A022 | A16823 | Library Block A | 478 GLE 1997 A022 Or. |